000 00218nam a22000857a 4500
008 160824b xxu||||| |||| 00| 0 eng d
100 _9235
_a Shamsi, K.N., et al
245 _aComputers Update - 3
260 _aNew delhi
_c2006
999 _c2891
_d2891